000 00817nam a2200253Ia 4500
003 OSt
005 20220923222616.0
006 a|||||r|||| 00| 0
007 ta
008 220922b |||||||| |||| 00| 0 hin d
024 _a206,474
037 _cTextual
040 _aARTS
_cARTS
_bhin
041 _2hin
_ahin
082 _aO152,6x, L4
100 _aशर्मा, कृष्णदेव
245 0 _aअनुपम साहित्यिक निबन्ध
246 _aAnupam sāhityik nibandha
260 _aदिल्ली
_b रीगल बुक डिपो
_c1974
300 _a570पृ.
_ccm.
650 _aहिन्दी साहित्य
_9156264
942 _hO152,6x, L4
_cTEXL
_2CC
999 _c357116
_d357116